000 00681nam a2200217Ii 4500
003 JO-AjNU
008 230605s9999||||xx |||||||||||||| ||und||
017 _a2010/3/743
040 _aJO-AjNU
_bara
_erda
_cJO-AjNU
041 _aara
050 1 4 _aHF 5625. W377 2011
100 3 _aالوقاد،سامي محمد,
_eauthor
_930890
245 0 0 _aنظرية محاسبة= Accounting Theory
250 _aط1
264 3 1 _aعمان: دار المسيرة للنشر والتوزيع،2011
300 _a304ص
336 _atext
_btxt
_2rdacontent
337 _aunmediated
_bn
_2rdamedia
338 _avolume
_bnc
_2rdacarrier
650 4 _aالمحاسة المالية
_930891
999 _aA12296
_c15864
_d15864